000 002900000a22001330004500
020 _a950-724-526-X
082 0 4 _aT E 170 M489m
100 1 _aMello, Anthony de
245 1 0 _aLo mejor de Anthony de Mello
260 _aBuenos Aires : Lumen
300 _a107 P.
001 201
942 _cLGB
999 _c47458
_d47458